000 00836nam a2200253 i 4500
001 000015353
003 DO-SdBNP
005 20250820093417.0
007 ta
008 100205s2008 dr d 000 spa d
040 _aDO-SdBNP
_bspa
_cBNPHU
_erda
041 _aspa
049 _aBNPD
082 4 _axxxx
_bD536n
_222
245 0 0 _aDiagnóstico nacional sobre tecnologías de la información y comunicación (DINATIC) /
_cedición de la versión final José Luis Actis.
264 _aSanto Domingo :
_bOficina Nacional de Estadística (ONE),
_c2008.
300 _a70 páginas :
_bgráficos ;
_c21 cm.
336 _atexto
_btxt
_2rdacontent
337 _asin mediación
_bn
_2rdamedia
338 _avolumen
_bnc
_2rdacarrier
590 _aInventariado, 2025/BT
700 1 _aActis, José Luis,
_eeditor
_4ed.
_934676
942 _2ddc
_cLBS1
999 _c14918
_d14918